| 000 | 01136nam a22002293i 4500 | ||
|---|---|---|---|
| 001 | 151778 | ||
| 003 | ES-MaACL | ||
| 005 | 20250902000738.0 | ||
| 008 | 031013s1857 fr |||| | fre d | ||
| 040 |
_aCCPB | B _bspa _cCCPB | B |
||
| 100 | 1 |
_aBédarride, Jossuda. _9126257 |
|
| 245 | 1 | 0 |
_aDroit commercial _b: commentaire du Code de Commerce / _cpar J. Bédarride. |
| 260 |
_aParis : _bAuguste Durand, _c1857 ( _eBatignolles : _fTypographie Hennuyer) |
||
| 300 |
_av. ; _c23 cm. |
||
| 505 | 8 | _aLivre I. Titre III. Des sociétés ... Tome premier (492 p.) -- Livre I. Titre III. Des sociétés ... Tome second (461, 163 p.) | |
| 650 | 4 |
_aDerecho mercantil- _zFrancia. _9135893 |
|
| 650 | 7 |
_aComercio marítimo _2 _9135798 |
|
| 752 |
_aFrancia - _dParís |
||
| 752 |
_aFrancia - _dBatignolles |
||
| 852 |
_aES-MaACL _jG-14175-14176 _z-- Enc. hol. _x-- Edic.: El tit. es: "Des sociétés : suivi d'un commentaire des lois des 17-23 juillet 1856 sur l'arbitrage forcé et les sociétés en commandite par action / par J. Bédarride" -- La serie es: (Droit commercial. Commetaire du code de commerce; 3) |
||
| 999 |
_c151778 _d151778 |
||